Auditora̕ forense

Bibliographic Details
Format: eBook
Language:Spanish
Published: Bogot:̀ Ediciones de la U, 2016
Subjects:
Online Access:Acceso restringido

MARC

LEADER 00000nam a22000007a 4500
005 20161211193814.0
007 cr|||| ||||
008 161211s2016 co |||||s|||| 00||0 spa d
020 |a 978-958-762-458-8 
035 |a 14639 
040 |a vLex 
090 |c 6479  |d 6479 
100 1 |4 Fonseca Vivas, ℓlvaro 
245 1 0 |a Auditora̕ forense  |h [Recurso electrn̤ico] /  |c ℓlvaro Fonseca Vivas  
256 |a Servicio en ln̕ea 
260 |a Bogot:̀  |b Ediciones de la U,  |c 2016 
300 |a 1 recurso electrn̤ico 
500 |a Aplicada al campo administrativo y financiero, medio ambiente, cultural, social, polt̕ica y tecnologa̕. 
506 1 |a Disponible solo en los productos indicados  |d vLex Global  |d vLex Global (Academic Edition, excluding Law Schools)  |d vLex Global (U.S. Academic Edition, Law Schools)  |d vLex Global (U.S. Academic Edition, excluding Law Schools)  |d vLex Global (Academic Edition, Law Schools) 
650 0 4 |a Derecho Mercantil y de la Empresa  |z Colombia 
650 0 4 |a Financiero  |z Colombia 
650 0 4 |a Derecho Pb︢lico y Administrativo  |z Colombia 
740 0 |a vLex Libros (Servicio en ln̕ea) 
856 4 0 |u http://vlex.com/source/auditoria-forense-14639  |z Acceso restringido 
942 |c BOOK 
999 0 |a Commercial and Company Law 
999 0 |a Financial 
999 0 |a Public and Administrative Law